El concurso de normas y el concurso de delitos en el libro II del Cd̤igo Penal

Bibliographic Details
Main Author: Serrano Gonzl̀ez de Murillo, Jos ̌Luis
Format: eBook
Language:Spanish
Published: Madrid: Marcial Pons, 2017
Subjects:
Online Access:Acceso restringido

MARC

LEADER 00000nam a22000007a 4500
005 20210923234116.0
007 cr|||| ||||
008 210923s2017 es |||||s|||| 00||0 spa d
020 |a 978-84-1381-178-9 
035 |a 33614 
040 |a vLex 
090 |c 12417  |d 12417 
100 1 |a Serrano Gonzl̀ez de Murillo, Jos ̌Luis 
245 1 2 |a El concurso de normas y el concurso de delitos en el libro II del Cd̤igo Penal  |h [Recurso electrn̤ico] /  |c Jos ̌Luis Serrano Gonzl̀ez de Murillo 
256 |a Servicio en ln̕ea 
260 |a Madrid:  |b Marcial Pons,  |c 2017 
300 |a 1 recurso electrn̤ico 
500 |a La obra se ocupa de un aspecto central en las relaciones entre la Parte General y la Parte Especial del Derecho penal: la legitimidad y conveniencia de establecer reglas concursales especf̕icas en determinados supuestos de posible aplicacin̤ de varios tipos delictivos de la Parte Especial, como ¿concrecin̤? de las reglas concursales generales establecidas en la Parte General. El estudio comienza planteǹdose la legitimidad en abstracto de las excepciones previstas en la Parte Especial, debate en que enseguida se manifiesta lo especf̕ico de la materia concursal, que (segn︢ se argumenta) obsta a la legitimidad de las excepciones en el m̀bito concursal: en las normas sobre posible apreciacin̤ simultǹea de varios delitos en un supuesto de hecho, las reglas especf̕icas o constituyen un recuerdo innecesario de las reglas generales o una contradiccin̤ con ellas. En cuanto a la conveniencia de adoptar esta tčnica de resolver singularmente casos concretos, se examina la competencia en abstracto y en concreto puesta de manifiesto por el legislador al ponerla en prc̀tica. A tal fin, se aborda el ±estudio de campo», es decir, el anl̀isis de las tčnicas especf̕icas de solucin̤ concursal expresa utilizadas por el legislador, en busca de los sesgos en la eleccin̤ de dichas tčnicas, profundizando en el arbitrario tratamiento legal de grupos de supuestos concursales que presentan cierta homogeneidad estructural. A partir de tales premisas, se extraen conclusiones contrarias tanto a la legitimidad como a la competencia tčnica de la actuacin̤ del legislador en este m̀bito y se formulan propuestas de lege ferenda; ante todo un llamamiento para que el legislador del futuro abandone la tčnica de las reglas concursales expresas e incluso suprima los numerosos ejemplos existentes. Pero tambiň se sugiere una serie de ln̕eas interpretativas t︢iles para el prc̀tico del Derecho, a fin de poner coto a la exacerbacin̤ del rigor punitivo que comportan las excepciones al rǧimen concursal general previstas en el propio Derecho positivo, en contradiccin̤ con sus propias reglas generales. 
506 1 |a Disponible solo en los productos indicados  |d vLex Global  |d vLex Global (Academic Edition, excluding Law Schools)  |d vLex Global (U.S. Academic Edition, Law Schools)  |d vLex Global (U.S. Academic Edition, excluding Law Schools)  |d vLex Global (Academic Edition, Law Schools) 
650 0 4 |a Derecho Penal  |z Espaą 
740 0 |a vLex Libros (Servicio en ln̕ea) 
856 4 0 |u https://app.vlex.com/#/sources/33614  |z Acceso restringido 
942 |c BOOK 
999 0 |a Criminal law